000 00429cam a22001457a 4500
008 180718b1957 xxu||||| |||| 00| 0 eng d
082 _aK18 M839
100 _aMarx, F. Morstein
245 _aAdministrative state: an introduction to bureaucracy
_cby F. Morstein Marx
260 _aChicago
_bUniversity of Chicago
_c1957
300 _a202p.
650 _aBureaucracy
650 _aCivil service
650 _aPublic administration
999 _c374494
_d374494